LEADER 01472nam0 22003493i 450 001 VAN00283342 005 20251114085024.547 017 70$2N$a9789811051609 100 $a20241122d2017 |0itac50 ba 101 $aeng 102 $aSG 105 $a|||| ||||| 181 $ai$b e 182 $ab 183 $acr 200 1 $aCalcium Signaling: From Physiology to Diseases$fSenthilkumar Rajagopal, Murugavel Ponnusamy 210 $aSingapore$cSpringer$d2017 215 $aXVI, 91 p.$cill.$d24 cm 620 $aSG$dSingapore$3VANL000061 676 $a571.6$cBiologia cellulare$v22 676 $a616.8$cNeurologia$v22 700 1$aRajagopal$bSenthilkumar$3VANV236749$0990124 701 1$aPonnusamy$bMurugavel$3VANV236750$01776180 712 $aSpringer $3VANV108073$4650 801 $aIT$bSOL$c20251121$gRICA 856 4 $uhttps://link.springer.com/openurl?genre=book&isbn=978-981-10-5160-9$zE-book - Accesso al full-text attraverso riconoscimento IP di Ateneo, proxy e/o Shibboleth 899 $aBIBLIOTECA DEL DIPARTIMENTO DI SCIENZE E TECNOLOGIE AMBIENTALI BIOLOGICHE E FARMACEUTICHE$1IT-CE0101$2VAN17 912 $fN 912 $aVAN00283342 950 $aBIBLIOTECA DEL DIPARTIMENTO DI SCIENZE E TECNOLOGIE AMBIENTALI BIOLOGICHE E FARMACEUTICHE$d17CONS e-book 178 $e17BIB178/106 106 20241122 996 $aCalcium Signaling: From Physiology to Diseases$94292078 997 $aUNICAMPANIA LEADER 01511nam0 22003493i 450 001 VAN00285889 005 20251118015022.808 017 70$2N$a9789402410075 100 $a20250130d2016 |0itac50 ba 101 $aeng 102 $aNL 105 $a|||| ||||| 181 $ai$b e 182 $ab 183 $acr 200 1 $aEffects of Herbicide-Tolerant Crop Cultivation$eInvestigating the Durability of a Weed Management Tool$fMichel Beckert, Yves Dessaux 210 $aDordrecth$cSpringer$d2016 215 $aXXI, 146 p.$cill.$d24 cm 620 $aNL$dDordrecht$3VANL000068 676 $a577.14$cChimica ambientale$v22 676 $a630$cAgricoltura e tecnologie connesse$v22 700 1$aBeckert$bMichel$3VANV239822$01065375 701 1$aDessaux$bYves$3VANV239823$01308894 712 $aSpringer $3VANV108073$4650 801 $aIT$bSOL$c20251121$gRICA 856 4 $uhttps://link.springer.com/book/10.1007/978-94-024-1007-5$zE-book - Accesso al full-text attraverso riconoscimento IP di Ateneo, proxy e/o Shibboleth 899 $aBIBLIOTECA DEL DIPARTIMENTO DI SCIENZE E TECNOLOGIE AMBIENTALI BIOLOGICHE E FARMACEUTICHE$1IT-CE0101$2VAN17 912 $fN 912 $aVAN00285889 950 $aBIBLIOTECA DEL DIPARTIMENTO DI SCIENZE E TECNOLOGIE AMBIENTALI BIOLOGICHE E FARMACEUTICHE$d17CONS e-book 177 $e17BIB177/176 176 20250130 996 $aEffects of Herbicide-Tolerant Crop Cultivation$94310610 997 $aUNICAMPANIA